Qui possède au moins 1 ballon d'or ? Mort Subite - Statistiques

Statistiques générales
  • Ce quiz a été pris 585 fois
  • Le résultat moyen est 8 sur 15
Answers on the Grid
Answers color-coded by a green-red scale on the quiz's grid according to % correct below.
Lionel Messi
Wendie Renard
Rodri
Kylian Mbappé
Aitana Bonmati
Eusébio
Cristiano Ronaldo
Bernardo Silva
Michael Owen
Diego Maradona
Ronald Koeman
Alexia Putellas
Amandine Henry
Pelé
Sakina Karchaoui
Fabio Cannavaro
Andrea Pirlo
Luka Modric
Erling Haaland
Kaka
Kevin De Bruyne
Antoine Griezmann
Johan Cruyff
Karim Benzema
Sergio Ramos
Ruud Gullit
Gareth Bale
Vinicius Jr
Marco Van Basten
Jean-Pierre Papin
 
Statistiques - réponses
Réponse % Correct
Lionel Messi
98%
Rodri
85%
Cristiano Ronaldo
74%
Eusébio
56%
Aitana Bonmati
53%
Karim Benzema
52%
Michael Owen
52%
Alexia Putellas
50%
Luka Modric
49%
Fabio Cannavaro
48%
Kaka
48%
Johan Cruyff
47%
Marco Van Basten
46%
Ruud Gullit
44%
Jean-Pierre Papin
43%
Aucun quiz correspondant
Distribution des résultats
% des personnes avec chaque résultat
Percentile par nombre de réponses
Votre historique - résultats
Vous n’avez pas pris ce quiz